N'oubliez pas les paroles ! #6 - Statistiques

Statistiques générales
  • Ce quiz a été pris 259 fois
    246 depuis la dernière actualisation
  • Le résultat moyen est 6 sur 10
Statistiques - réponses
Chansons Chanteurs Paroles précédentes Paroles à trouver % Correct
Magic in the air Magic System On t'invite à la magie
Y'a pas de raccourci
Oublie tes soucis
Oh oh oh oh oh oh
Feel the magic in the air,
Allez, allez, allez, levez... (5 mots)
Les mains en l'air
93%
Je m'en vais Vianney Ce qui m’emmène, ce qui m’entraîneC’est ma peine, ma peine plus que la haine. Oh ma route. Oh ma plaine Dieu que je l’aime Et tournent tournent dans ma tête... (5 mots) Les images du long métrage
78%
Sur ma route Black M
De l'aventure dans l'movie, oui
Une vie de roots
Sur ma route, oui
Je n'compte plus les soucis... (5 mots)
De quoi devenir fou, oui
74%
Papaoutai Stromae Maman dit: “travailler c’est bien”
bien mieux qu’être mal accompagné, pas vrai ?
Où est ton papa
Dis-moi où est ton papa
sans même devoir lui... (8 mots)
Parler, il sait ce qui ne va pas
71%
Elle me dit Mika Elle me dit
Qu’est c’que t’as, t’as l’air coincé
T’es défoncé ou t’es gay ?
Tu finiras comme ton frère
Elle me dit, elle me dit c’est ta vie
Fais c'... (5 mots)
Que tu veux, tant pis
70%
Ramanez la coupe Vegedream Passement de jambes, crochet à gauche, à droite : Kylian Mbappé! Accélération, virgule, petit pont, frappe : Kylian Mbappé! J'sais plus si j'suis gaucher ou droitier, je tire... (5 mots) Des deux pieds : Ousmane Dembélé!
54%
Reine Dadju Je suis là s'il faut encaisser pour nous deux
Et je le sais, je te fais confiance
Quand tu... (6 mots)
Me souris, tu fais pas semblant
51%
Djadja Aya Nakamura D'après les rumeurs, tu m'as eu dans ton lit
Oh Djadja
Y'a pas moyen Djadja, j'... (6 mots)
Suis pas ta catin Djadja genre
43%
Paris-Seychelles Julien Doré
Découvrir ton corps depuis la scène
Du sombre décor Lucrèce et reine
On s'était dit des choses
Que l'on ne tiendra pas... (7 mots)
Le temps que l'eau se pose
22%
J'me tire Maître Gims
Je sais que ca fais cliché d'dire qu'on est pris pour cible
Mais j'veux l'dire juste pour la rime J'me tire dans un endroit ou j'serai pas l'suspect. Après j'... (7 mots)
Vais changer d'nom comme Cassius Clay
14%
Aucun quiz correspondant
Distribution des résultats
% des personnes avec chaque résultat
Percentile par nombre de réponses
Votre historique - résultats
Vous n’avez pas pris ce quiz depuis la dernière actualisation